AR Scrabble Words 8 and Under - Statistics

General Stats
  • This quiz has been taken 34 times
  • The average score is 53 of 292
Answer Stats
Answer % Correct
Ar
100%
Are
90%
Arb
80%
Arc
80%
Arm
80%
Arch
75%
Aro
75%
Artist
75%
Area
70%
Aria
70%
Ark
70%
Arbor
65%
Ardent
65%
Arie
65%
Arid
60%
Armor
60%
Army
60%
Around
60%
Arras
60%
Arris
60%
Arson
60%
Argue
55%
Arrow
55%
Arabic
50%
Archer
50%
Arise
50%
Arrear
50%
Arrest
50%
Arrive
50%
Archi
45%
Arf
45%
Ariel
45%
Armour
45%
Arcane
40%
Archery
40%
Arco
40%
Argent
40%
Argus
40%
Arhat
40%
Armory
40%
Arrange
40%
Arrival
40%
Artistic
40%
Arachnid
35%
Arcus
35%
Ardor
35%
Argon
35%
Arguer
35%
Argyle
35%
Argyll
35%
Arouse
35%
Array
35%
Areal
35%
Arcade
30%
Archaic
30%
Arching
30%
Arctic
30%
Argument
30%
Aril
30%
Aroma
30%
Arraign
30%
Arrester
30%
Arrogant
30%
Arsenal
30%
Artistry
30%
Artsie
30%
Artsy
30%
Arable
25%
Arcadia
25%
Arcing
25%
Ardently
25%
Arduous
25%
Arena
25%
Argentic
25%
Argh
25%
Argil
25%
Aristo
25%
Armer
25%
Arming
25%
Artery
25%
Arugula
25%
Arabica
20%
Arak
20%
Arbiter
20%
Arbour
20%
Arcadian
20%
Archive
20%
Archon
20%
Archway
20%
Areola
20%
Armada
20%
Armorer
20%
Armoury
20%
Arrack
20%
Arrant
20%
Arsenic
20%
Arsonist
20%
Arterial
20%
Arty
20%
Arum
20%
Arboreal
15%
Arbored
15%
Arborist
15%
Archfoe
15%
Archil
15%
Archine
15%
Archival
15%
Archly
15%
Ardour
15%
Areg
15%
Arete
15%
Argal
15%
Argental
15%
Argol
15%
Argot
15%
Aridly
15%
Aridness
15%
Arles
15%
Armament
15%
Armourer
15%
Armpit
15%
Aromatic
15%
Arpen
15%
Arranger
15%
Arriba
15%
Arriver
15%
Artisan
15%
Artiste
15%
Aryl
15%
Arame
10%
Arapaima
10%
Arbitral
10%
Arboreta
10%
Arbute
10%
Arbutus
10%
Arcanum
10%
Archaism
10%
Archaist
10%
Archness
10%
Arcuate
10%
Arcuated
10%
Areally
10%
Arene
10%
Areolar
10%
Arepa
10%
Argala
10%
Argentum
10%
Arginine
10%
Argonaut
10%
Argosy
10%
Aridity
10%
Aright
10%
Armature
10%
Armband
10%
Armchair
10%
Armet
10%
Armorial
10%
Arnica
10%
Arousal
10%
Arouser
10%
Arowana
10%
Arrayer
10%
Arrestee
10%
Arrowy
10%
Arroyo
10%
Arroz
10%
Artful
10%
Artfully
10%
Article
10%
Artifice
10%
Artwork
10%
Arabesk
5%
Arabis
5%
Arabize
5%
Arahuana
5%
Aramid
5%
Araneid
5%
Araroba
5%
Arawana
5%
Arbalest
5%
Arbalist
5%
Arbelest
5%
Arborize
5%
Arborous
5%
Arboured
5%
Arbuscle
5%
Arbutean
5%
Arcading
5%
Arcanely
5%
Archaise
5%
Archaize
5%
Archduke
5%
Arcsine
5%
Ardeb
5%
Ardency
5%
Areaway
5%
Areca
5%
Areic
5%
Arenite
5%
Arenose
5%
Arenous
5%
Areolate
5%
Areole
5%
Areology
5%
Arethusa
5%
Argali
5%
Arginase
5%
Argle
5%
Argotic
5%
Arguable
5%
Argufier
5%
Argufy
5%
Arietta
5%
Ariette
5%
Ariled
5%
Arillate
5%
Arilloid
5%
Ariose
5%
Arioso
5%
Arista
5%
Arkose
5%
Arkosic
5%
Armful
5%
Armiger
5%
Armigero
5%
Armilla
5%
Armlet
5%
Armlike
5%
Armload
5%
Armlock
5%
Armoire
5%
Armrest
5%
Arnatto
5%
Arnotto
5%
Aroint
5%
Aroynt
5%
Arpeggio
5%
Arpent
5%
Arquebus
5%
Arrantly
5%
Arrased
5%
Arrayal
5%
Arrestor
5%
Arrogate
5%
Arsenate
5%
Arsenide
5%
Arsenite
5%
Arseno
5%
Arshin
5%
Arsine
5%
Arsonous
5%
Artal
5%
Artefact
5%
Artel
5%
Artesian
5%
Artifact
5%
Artily
5%
Artmaker
5%
Arugola
5%
Aruspex
5%
Arvo
5%
Arythmic
5%
Arythmia
5%
Araceous
0%
Arancini
0%
Arcature
0%
Archaea
0%
Archaeal
0%
Archaean
0%
Archaeon
0%
Arciform
0%
Ariary
0%
Arillode
0%
Aristate
0%
Armagnac
0%
Armguard
0%
Armhole
0%
Armless
0%
Armonica
0%
Armure
0%
Armyworm
0%
Aroid
0%
Arrhizal
0%
Arroba
0%
Arsenous
0%
Arsino
0%
Arsis
0%
Artigi
0%
Artiness
0%
Artless
0%
Aruana
0%
Arval
0%
No matching quizzes found
Score Distribution
Percent of People with Each Score
Percentile by Number Answered
Your Score History
You have not taken this quiz